Central Library OPAC University of Rajshahi

The world of Islam / (Record no. 38624)

MARC details
000 -LEADER
fixed length control field 00783nam a2200265 a 4500
001 - CONTROL NUMBER
control field 38624
003 - CONTROL NUMBER IDENTIFIER
rucl marc code BD-RjUL
005 - DATE AND TIME OF LATEST TRANSACTION
control field 20211209052830.0
008 - FIXED-LENGTH DATA ELEMENTS--GENERAL INFORMATION
fixed length control field 181003r19671966ne abce b 000 0 eng
035 ## - SYSTEM CONTROL NUMBER
System control number (BD-RjUL)38732
040 ## - CATALOGING SOURCE
Original cataloging agency DLC
Transcribing agency DLC
Modifying agency DLC
-- BD-RjUL
Language of cataloging eng
041 ## - LANGUAGE CODE
Language code of text/sound track or separate title eng
082 00 - DEWEY DECIMAL CLASSIFICATION NUMBER
Classification number 704.94897
Edition number 23
Author mark and year GRW 1967
100 1# - MAIN ENTRY--PERSONAL NAME
Personal name Grube, Ernst J.
9 (RLIN) 223234
245 14 - TITLE STATEMENT
Title The world of Islam /
Statement of responsibility, etc. Ernst J. Grube.
250 ## - EDITION STATEMENT
Edition statement 1st ed.
260 ## - PUBLICATION, DISTRIBUTION, ETC. (IMPRINT)
Place of publication, distribution, etc. London:
Name of publisher, distributor, etc. Paul Hamlyn,
Date of publication, distribution, etc. 1966 [Impression1967]
300 ## - PHYSICAL DESCRIPTION
Pagination 176 p.
Illustrations ill. ;
Size 29 cm.
490 0# - SERIES STATEMENT
Series statement Landmarks of the world's art
504 ## - BIBLIOGRAPHY, ETC. NOTE
Bibliography, etc Bibliography: p. [171] and index
650 #0 - SUBJECT ADDED ENTRY--TOPICAL TERM
Topical term or geographic name as entry element Islamic art.
9 (RLIN) 223235
Topical term or geographic name as entry element Islamic architecture.
9 (RLIN) 223236
830 ## - SERIES ADDED ENTRY--UNIFORM TITLE
Uniform title Landmarks of the world's art
942 ## - ADDED ENTRY ELEMENTS (KOHA)
Source of classification or shelving scheme Dewey Decimal Classification
Koha item type Rare Books
Holdings
Lost status Source of classification or shelving scheme Damaged status Not for loan Collection code Permanent Location Current Location Shelving location Date acquired Source of acquisition Total Checkouts Full call number Date last seen Copy number Koha item type
  Dewey Decimal Classification   Not For Loan Rare Books Central Library, University of Rajshahi Central Library, University of Rajshahi Rare Book Section 28/10/1990 Shawkat osman   RA 704.94897 GRW 1967 03/10/2018 C-1 Rare Books